000 00680nam a2200241Ia 4500
001 3053
003 GE_BSU
008 181216s||||||||xx |||||||||||||| ||und||
020 _a5721800844
040 _cGE_BSU
080 _a330.101(075.8)
245 _aТеория переходной экономики. .
245 _bМикроэкономика:Учебное пособие
245 _cПод. ред. В.В.Герасименко.
250 _aТ.1
260 _aМосква
260 _bТЕИС
260 _c1997
300 _a318 с. 20 см.
541 _h5 л. 90 т.
653 _aтеория переходной экономики
942 _cBK
999 _c37097
_d37097